00780cam a2200217 a 450000100100000000500170001000800410002701000130006804000230008108200140010410000350011824500750015326000470022830000200027549000300029565000270032565000400035283000380039295201170043099900150054700000613220200929151937.0830509s1982 sp 001 p spa  a83146740 aDO-SdBNPcDLCdDLC aChbD671p1 aDominguez, Deliad1931-91725810aPido que vuelva mi angel /cDelia Dominguez. edición Sergio Fontana. aSantiago de Chile :bUniversitaria,c1982. a47 p. ;c19 cm.1 aGeneración espontánea 4aPoesía chilena99166 4aLiteratura chilenaySIGLO XX914677 1aGeneración espontánea.914161 001052708MOaGRbGRcCTd2009-08-26iLF1l0oCh D671pp6132-10r2020-06-25w2020-06-25y2ZPréstamo interno c5928d5928